[Event "XLIII Sevilla Open 2018"]
[Site "Sevilla"]
[Date "2018.01.19"]
[Round "8"]
[White "Pap, Misa"]
[Black "Ondersteijn, Niels"]
[Result "1-0"]
[WhiteElo "2491"]
[BlackElo "2370"]
[Annotator "TA"]
[PlyCount "73"]
[EventDate "2018.??.??"]
[EventType "swiss"]
[EventCountry "ESP"]
[SourceTitle "playchess.com"]
[Source "ChessBase"]
[SourceQuality "1"]

{[%evp 15,73,35,34,18,19,21,10,16,29,37,35,0,0,0,8,7,25,-52,-29,-53,-47,-44,72,48,306,66,268,236,422,405,462,395,534,522,569,558,570,501,606,613,995,570,775,771,896,889,908,923,972,947,1000,981,1097,1067,1100,1016,1195,1188,1413,1402]} 1. e4 e5 2. Nf3 d6 3. d4 exd4 4. Qxd4 a6 5. Bf4 Nc6 6. Qd2 Nf6 7. Nc3 Be7 8. O-O-O O-O 9. h3 {C41: Philidor Defence} b5 10. Bd3 Nb4 11. Be2 {The position is equal.} Bb7 12. a3 Nc6 13. g4 b4 $1 {[%cal Rb4c3]} 14. axb4 a5 $146 {[%cal Ra5b4,Ba6a5,Ba5a4,Ba4a3][%mdl 32]} ({Predecessor:} 14... Nxb4 15. g5 Nh5 16. Bh2 c6 17. Kb1 d5 18. exd5 cxd5 19. Nd4 g6 20. Bxh5 gxh5 21. Nf5 d4 22. Qxd4 Qxd4 23. Nxe7+ {1-0 (23) Pap,M (2488)-Sredojevic,I (2416) Kragujevac 2015}) 15. b5 $36 {[%mdl 2048] White has good play.} Nb4 16. Qe3 ({Better is} 16. Qd4 $11) 16... a4 $1 $15 {[%cal Ra4a3] Strongly threatening ...a3.} 17. Nd4 a3 {And now ...a2 would win.} 18. b3 {[#]} Nxe4 (18... Bxe4 $1 $15 {[%mdl 512]} 19. Rhe1 (19. Nxe4 $2 Nbd5 $17) 19... Re8 20. Nxe4 Nbd5) 19. Nxe4 $16 Nd5 $2 {[%mdl 8192]} (19... Re8 $1 $14) 20. Qg3 $2 (20. Qd2 $18) 20... Nxf4 $2 (20... Re8 $1 $14 21. Bd2 Bh4) 21. Qxf4 $18 Bxe4 $2 (21... d5) 22. Qxe4 Re8 {[#] Threatens to win with ...Bg5+.} 23. Qf3 c5 24. bxc6 {White is clearly winning.} Qa5 25. c3 {[%cal Bc2c3,Bc3d4,Bd4d5][%mdl 32]} Bf6 26. Kc2 a2 {If Black can now play ...Bxd4 this consolidates a bit.} 27. Bc4 Bxd4 28. cxd4 d5 29. Bxd5 Red8 30. Bc4 Qb6 31. d5 Qc5 32. Qe3 Qd6 33. Rhe1 Qf6 34. Qc3 Qxf2+ 35. Re2 Qf4 36. Kb2 h6 37. Ka1 {Precision: White = 52%, Black = 31%.} 1-0

[Event "XLIII Sevilla Open 2018"]
[Site "Sevilla"]
[Date "2018.01.19"]
[Round "8"]
[White "Xu, Yi"]
[Black "Pogorelov, Ruslan"]
[Result "1/2-1/2"]
[WhiteElo "2482"]
[BlackElo "2358"]
[Annotator "TA"]
[PlyCount "148"]
[EventDate "2018.??.??"]
[EventType "swiss"]
[EventCountry "ESP"]
[SourceTitle "playchess.com"]
[Source "ChessBase"]
[SourceQuality "1"]

{[%evp 21,148,25,26,32,18,-18,-17,-38,-38,-35,6,4,0,0,0,-23,-15,-39,-2,-50,-43,-54,-40,-44,-41,-62,-58,-63,-20,-24,-10,-30,-28,-31,-25,-36,-40,-50,-34,-38,-31,-38,-22,-54,-34,-31,0,-10,0,0,0,0,0,0,33,41,47,47,40,0,0,0,0,0,0,0,0,0,-69,-271,-211,-259,-255,-267,-259,-261,-240,-243,-259,-186,-59,-65,-58,-66,-61,-329,-314,-354,-360,-337,-350,-351,-322,-324,-206,-262,-264,-437,-427,-172,0,0,0,0,0,0,0,0,0,0,0,0,0,0,0,0,0,0,0,0,0,0,0,0,0,0,0,0,0]} 1. e4 c6 2. d4 d5 3. e5 Bf5 4. Nf3 e6 5. Be2 Nd7 6. O-O Bg6 7. Nbd2 {B12: Caro-Kann: Advance Variation} (7. a4 a5 8. Nbd2 Nh6 9. Nb3 Be7 10. Bxh6 gxh6 11. c3 Qb6 12. Ra2 O-O 13. g3 f6 14. exf6 Bxf6 {½-½ (52) Karjakin,S (2760)-Pantsulaia,L (2612) Riadh 2017}) 7... Nh6 8. Nb3 Nf5 9. a4 a6 10. a5 Rc8 11. c3 c5 {LiveBook: 11 Games} 12. dxc5 Bxc5 13. Nbd4 $146 ({Predecessor:} 13. Nxc5 Nxc5 {0-1 (123) Hoffmann,T (2051)-Krause,J (2148) Hannover 2014}) 13... O-O 14. Bd3 Nxd4 15. cxd4 {Threatens to win with Bxg6.} Ba7 16. Bxg6 fxg6 17. Be3 Nb8 18. Bd2 Nc6 19. Bc3 Qd7 20. Ne1 g5 21. Nc2 h6 22. Qd2 Qf7 23. Kh1 Qf4 24. Qd3 Ne7 25. Ne3 Nf5 26. Rad1 g4 27. Nxf5 Qxf5 28. Qe2 Qg6 29. Qe3 Rf7 30. Rc1 Rc4 31. Rcd1 Rf5 32. Qg3 Qh5 33. Rd3 Bb8 34. Kg1 Bc7 35. f3 gxf3 36. Rdxf3 Rxf3 37. Rxf3 Qg5 (37... Bd8 {is interesting.} 38. Rf1 Rc7 39. Qd3 Rf7 40. Rc1 Bh4) 38. Qxg5 hxg5 $14 {[%mdl 4096] Endgame KRB-KRB} 39. b3 Rc6 40. Bb4 Kh7 $1 41. Rf7 Kg6 42. Rd7 Kf5 43. Rxg7 Ke4 ({Black should play} 43... b6 $11) 44. Rxg5 $15 {Black should prevent Rg4+.} Kxd4 45. Ba3 $2 (45. h4 $15) 45... Ke4 (45... Bxa5 46. Rg7 $17) 46. h4 Bxe5 ({Less strong is} 46... Bxa5 47. h5 $17) 47. h5 {[#]} Bf4 $1 {[%cal Rf4g5]} 48. Rg6 {White wants to play h6.} d4 49. h6 d3 {( -> ...d2)} 50. Bb4 {intending h7.} d2 {[#]} ({Black should try} 50... Rc1+ $19 51. Kf2 Rc2+ 52. Kf1 e5) 51. Bxd2 $1 {[%mdl 512]} Bxd2 {KRB-KR} 52. h7 Bc3 53. Rg8 $2 {[%mdl 8192]} ({White must play} 53. Rg4+ $1 $15 Kf5 54. Rg8) 53... Rc5 $19 54. h8=Q Bxh8 55. Rxh8 Rxa5 {KR-KR} 56. Rh6 Re5 57. Kf2 Kd4 58. g4 a5 59. Rh4 $2 (59. Rh1 {is the only way for White.}) 59... Re4 60. Rh7 {[#]} Rxg4 $2 (60... b5 $1 $19 61. g5 Rg4) 61. Rxb7 $11 {The position is equal.} Kc5 62. Ke2 Rb4 (62... a4 {is more complex.} 63. bxa4) 63. Ra7 Rb5 {And now ...Kb4 would win.} 64. Re7 Rb6 {Strongly threatening ...Kb4.} ({Don't take} 64... Rxb3 65. Rxe6 Kb4 66. Kd2 $17) 65. Kd2 Kb4 (65... Rxb3 66. Rxe6 a4 67. Re4 $15) 66. Kc2 Ka3 {aiming for ...Rc6+.} 67. Ra7 Rc6+ 68. Kd3 Rc5 69. Rb7 e5 70. Ke4 Kb2 71. Rb8 Ka3 72. Rb7 Rc3 73. Rb5 Rxb3 74. Rxa5+ Kb2 {Precision: White = 53%, Black = 66%.} 1/2-1/2

[Event "XLIII Sevilla Open 2018"]
[Site "Sevilla"]
[Date "2018.01.19"]
[Round "8"]
[White "Pulvett Marin, Daniel"]
[Black "Bjerre, Jonas Buhl"]
[Result "0-1"]
[WhiteElo "2438"]
[BlackElo "2367"]
[Annotator "TA"]
[PlyCount "54"]
[EventDate "2018.??.??"]
[EventType "swiss"]
[EventCountry "ESP"]
[SourceTitle "playchess.com"]
[Source "ChessBase"]
[SourceQuality "1"]

{[%evp 18,54,32,33,35,26,50,24,36,22,10,19,49,28,65,0,0,-17,-10,-20,-15,-71,-77,-213,-213,-240,-212,-372,-343,-584,-569,-1319,-776,-6091,-6139,-4297,-3582,-2482,-2462]} 1. e4 c5 2. Nf3 e6 3. d4 cxd4 4. Nxd4 Nc6 5. Nc3 Qc7 6. f4 a6 7. Nxc6 Qxc6 8. Bd3 b5 9. Qe2 Bb7 10. Bd2 Rc8 {B47: Sicilian: Taimanov: 5 Nc3 Qc7 6 f4, 6 g3 and 6 Be2} (10... Bc5 11. O-O-O Ne7 12. a3 O-O 13. Qh5 f6 14. Rhf1 Rf7 15. g4 b4 16. axb4 Bxb4 17. e5 f5 18. Rg1 Rc8 {0-1 (53) Saric,I (2669)-Harikrishna,P (2744) Riadh 2017}) 11. a3 Bc5 {[%cal Bf8c5,Bc5d4,Bd4g7][%mdl 32]} 12. O-O-O Ne7 {White has an edge.} 13. Rhe1 O-O 14. Qh5 g6 $146 ({Predecessor:} 14... b4 15. axb4 Bxb4 16. e5 Ng6 17. Ne4 Bxd2+ 18. Rxd2 {0-1 (33) Pruijssers,R (2465)-Ducarmon,Q (2467) playchess.com INT 2016}) 15. Qh6 Bd4 16. Ne2 (16. g4 $14) 16... Bg7 $11 17. Qh4 f5 $1 $36 {[%mdl 2048] [#] ...Bf6 is the strong threat. Black has some pressure.} 18. e5 Nd5 19. Kb1 (19. g4 $11 {remains equal.}) 19... Qb6 $17 20. c3 {[#]} (20. g4 $17) 20... a5 $1 $19 {[%cal Ba6a5,Ba5b4][%mdl 32]} 21. Rc1 b4 22. axb4 $2 (22. a4) 22... axb4 23. c4 $2 (23. cxb4 {is the only way for White.} Nxb4 24. Bxb4 Qxb4 25. Qf2) 23... Qa7 {Black is clearly winning.} 24. Rcd1 b3 25. Nc3 Ra8 {[%csl Ga8][%cal Ra7a1]} 26. Kc1 Nb4 27. Bb1 Qa1 {Precision: White = 25%, Black = 73%.} 0-1

[Event "XLIII Sevilla Open 2018"]
[Site "Sevilla"]
[Date "2018.01.19"]
[Round "8"]
[White "Campora, Daniel H"]
[Black "Matamoros Franco, Carlos S"]
[Result "1/2-1/2"]
[WhiteElo "2417"]
[BlackElo "2484"]
[Annotator "TA"]
[PlyCount "70"]
[EventDate "2018.??.??"]
[EventType "swiss"]
[EventCountry "ESP"]
[SourceTitle "playchess.com"]
[Source "ChessBase"]
[SourceQuality "1"]

{[%evp 47,60,0,0,0,0,0,0,0,0,0,0,0,0,0,0]} 1. Nf3 c5 2. c3 d5 3. d4 cxd4 4. cxd4 Nf6 5. Nc3 Nc6 6. Bf4 Nh5 7. Bc1 Nf6 8. Bf4 Nh5 9. Bc1 Nf6 10. Bf4 Bf5 11. e3 e6 12. Bd3 Bxd3 13. Qxd3 Bd6 14. Bxd6 Qxd6 15. O-O O-O 16. Rfc1 Rfc8 17. a3 a6 18. Rc2 Rc7 19. Rac1 Rac8 20. Ne2 {D14: Slav Defence: Exchange variation with ...Bf5} Ne7 21. Rxc7 Rxc7 22. Rxc7 Qxc7 23. Qc3 Qxc3 24. Nxc3 $11 {[%mdl 4096] Endgame KNN-KNN} Nc6 {LiveBook: 14 Games. The position is equal.} 25. Kf1 Kf8 26. Ke2 Ke7 27. h3 h6 28. Kd3 Kd6 29. g3 g6 30. g4 g5 {Predecessor:} 31. Nd2 $146 Nd7 32. f3 f6 33. Ne2 Ne7 34. Ng3 Ng6 35. Nh5 Nh4 {½-½ (30) Petkov,V (2470)-Saric,I (2565) Bol 2015} 1/2-1/2

[Event "XLIII Sevilla Open 2018"]
[Site "Sevilla"]
[Date "2018.01.19"]
[Round "8"]
[White "Silva Lucena, Cristian"]
[Black "Saric, Ante"]
[Result "0-1"]
[WhiteElo "2301"]
[BlackElo "2537"]
[Annotator "TA"]
[PlyCount "40"]
[EventDate "2018.??.??"]
[EventType "swiss"]
[EventCountry "ESP"]
[SourceTitle "playchess.com"]
[Source "ChessBase"]
[SourceQuality "1"]

{[%evp 23,40,-12,-8,-15,-10,-57,-47,-56,-1,0,-6,-12,0,-204,-195,-197,-181,-440,-452]} 1. e4 e6 2. d4 d5 3. Nc3 Nf6 4. Bg5 dxe4 5. Nxe4 Nbd7 6. Nxf6+ Nxf6 7. Nf3 h6 8. Be3 Nd5 9. Bd2 {C10: French with 3 Nc3: Unusual Black 3rd moves and 3...dxe4} c5 10. c4 Nf6 11. dxc5 Bxc5 12. b4 Be7 {LiveBook: 5 Games} 13. Qc2 b6 14. Bd3 Bb7 {[#]} 15. Ne5 $146 ({Predecessor:} 15. O-O Bxf3 16. gxf3 O-O {0-1 (35) Hess,R (2602)-Oms Pallisse,J (2528) Barcelona 2010}) 15... O-O (15... a5 $15 16. bxa5 Qd6) 16. O-O $11 Bd6 17. Bc3 Rc8 {Threatens to win with ...Nd5!} 18. Qe2 $2 {[#]} (18. Rfe1 $11) 18... Nd5 $1 $19 {[%cal Rd5c3][%mdl 512]} 19. cxd5 ({Wrong is} 19. Qe4 $2 f5 $19) 19... Rxc3 20. Nc6 $2 (20. Rad1 Bxd5 21. Be4) 20... Bxc6 {Precision: White = 40%, Black = 48%.} 0-1

[Event "XLIII Sevilla Open 2018"]
[Site "Sevilla"]
[Date "2018.01.19"]
[Round "8"]
[White "Diaz Castro, Sergio"]
[Black "Anurag, Mhamal"]
[Result "0-1"]
[WhiteElo "2263"]
[BlackElo "2472"]
[Annotator "TA"]
[PlyCount "46"]
[EventDate "2018.??.??"]
[EventType "swiss"]
[EventCountry "ESP"]
[SourceTitle "playchess.com"]
[Source "ChessBase"]
[SourceQuality "1"]

{[%evp 13,46,0,0,0,8,-43,-37,-31,-26,-111,-115,-120,-87,-91,-103,-188,-188,-197,-192,-181,0,0,0,-484,-477,-451,-388,-582,-366,-681,-671,-29996,-29997,-29997,-29998]} 1. e4 e6 2. d4 d5 3. Nc3 Bb4 4. e5 c5 5. Bd2 cxd4 6. Nb5 Bc5 7. Qg4 Kf8 {LiveBook: 8 Games. C17: French: 3 Nc3 Bb4 4 e5 c5 sidelines} (7... g6 8. b4 Bf8 9. Nxd4 Qc7 10. Ngf3 a6 11. Bd3 Nd7 12. O-O Bg7 13. Qg3 Nxe5 14. Kh1 f6 15. Bf4 {½-½ (65) Mastrovasilis,D (2610)-Istratescu,A (2651) Legnica 2013}) 8. Nf3 Nc6 9. O-O-O (9. Qf4 $11) 9... Qb6 $15 {Black is slightly better.} 10. Qf4 $146 ({Find the theoretical novelty and annotate with similar games:} 10. Bd3 a6 11. Nd6 Nxe5 12. Nxe5 Bxd6 13. f4 f6 14. Rhf1 Nh6 15. Qh5 Qc7 16. g4 Nf7 17. Ng6+ hxg6 {0-1 (17) Van de Wynkele,H (2090)-Meessen,R (2340) Belgium 2010}) 10... Bd7 11. Ng5 (11. Be1 $11) 11... Nh6 $17 12. Bd3 Rc8 13. h4 a6 14. Nd6 (14. Na3 $17 {was worth a try.}) 14... Bxd6 $1 $19 15. exd6 e5 16. Qg3 Nf5 $2 {[#]} ({Better is} 16... e4 $19 17. Nxe4 dxe4 18. Bxh6 Rg8 19. Bxe4 gxh6) 17. Bxf5 $1 $11 Bxf5 $40 {[%mdl 128] White needs to defend precisely.} 18. Qb3 $2 {[%mdl 8192]} (18. Qf3 $11 {and White stays safe.} Nb4 19. Qxf5 Rxc2+ 20. Kb1 Rxb2+ 21. Kxb2 Nd3+ 22. Kc2 Qc6+ 23. Kb3 (23. Kb1 Qb6+ 24. Kc2 Qc5+ 25. Kb3 Qb5+ 26. Kc2 Qc5+ 27. Kb3 Qb5+ 28. Kc2 Qc5+ $11) 23... Qb6+ 24. Kc2 Qc5+ 25. Kb3 (25. Kb1 Qb6+ 26. Kc2 $11) 25... Qb5+ 26. Kc2 Qc5+ 27. Kb3 (27. Kb1 Qb6+ 28. Kc2 $11) 27... Qb5+ 28. Kc2 Qc5+) 18... Qxb3 $19 (18... Nb4 19. Bxb4 Rxc2+ 20. Qxc2 $16) 19. axb3 f6 20. Nh3 (20. Nf3 $142) 20... Kf7 {Hoping for ...Na5!} 21. f3 $2 {[#]} (21. Kb1) 21... Na5 $1 {[%mdl 512]} 22. Bxa5 {Strongly threatening Bc7.} Rxc2+ 23. Kb1 Rc5+ {Precision: White = 19%, Black = 52%.} 0-1

[Event "XLIII Sevilla Open 2018"]
[Site "Sevilla"]
[Date "2018.01.19"]
[Round "8"]
[White "Esquivias Quintero, Luis Manuel"]
[Black "Ulybin, Mikhail"]
[Result "1-0"]
[WhiteElo "2222"]
[BlackElo "2519"]
[Annotator "TA"]
[PlyCount "87"]
[EventDate "2018.??.??"]
[EventType "swiss"]
[EventCountry "ESP"]
[SourceTitle "playchess.com"]
[Source "ChessBase"]
[SourceQuality "1"]

{[%evp 20,87,30,33,47,33,46,37,53,0,0,0,0,0,31,-17,-17,-31,47,52,33,33,63,56,78,-8,-11,-27,18,12,54,-82,-17,-54,0,0,0,0,18,0,0,25,66,63,176,34,35,37,46,72,71,67,45,47,281,290,285,284,265,262,397,408,1079,1035,1450,1468,1714,1596,1712,1654]} 1. e4 e6 2. d4 d5 3. Nd2 Nf6 4. e5 Nfd7 5. c3 c5 6. Bd3 Nc6 7. Ngf3 cxd4 8. cxd4 f6 9. exf6 Nxf6 10. O-O Bd6 11. b3 O-O {C06: French Tarrasch: 3...Nf6 4 e5 Nfd7 5 Bd3 main lines} 12. Bb2 Bd7 13. a3 Qb6 {[#] White is slightly better.} 14. Ne5 $146 (14. b4 $14) ({Predecessor:} 14. Qe2 Rae8 15. Rad1 Kh8 16. Bb1 {½-½ (91) Demchenko,A (2588)-Matsenko,S (2485) St Petersburg 2014}) 14... Be8 $11 15. Ndf3 Bh5 {Threatening ...Bxe5.} 16. Qe1 Rae8 17. Qe3 Bxf3 18. Nxf3 Ng4 ({Black should play} 18... e5 $15 19. dxe5 Qxe3 20. fxe3 Nxe5 21. Nxe5 Bxe5) 19. Qg5 $14 Nh6 {[%cal Bg4h6,Bh6f7,Bf7g5][%mdl 32] Strongly threatening ...Bf4.} 20. b4 Rxf3 21. gxf3 Rf8 22. Qe3 (22. Kh1 $16 {And now Rg1 would win.} Nf5 23. Rad1) 22... Rf6 $11 23. Rad1 Bf4 24. Qe2 Nf7 {White should prevent ...Qd8.} 25. b5 (25. Kg2 $14 {stays ahead.}) 25... Ne7 (25... Qd8 $1 $17 {( -> ...Rg6+!)} 26. Kg2 (26. bxc6 Rh6 $14) 26... Rg6+ $1 {[%mdl 512]} 27. Bxg6 Qg5+ 28. Kh3 (28. Kh1 Qh4 29. Bxh7+ Qxh7 30. h4 Qxh4+ 31. Kg2 Qh2#) 28... Qh6+ 29. Kg4 Qxg6+ 30. Kh4 Qg5+ 31. Kh3 Qh5+ 32. Kg2 Qxh2#) 26. Bc1 Bxc1 (26... Ng5 $1 $15 27. Kh1 Bxc1 28. Rxc1 Nxf3) 27. Rxc1 Ng5 28. f4 Rxf4 29. f3 (29. Qh5 Nf3+ 30. Kg2 g6 $17) 29... Rxd4 30. Kh1 Qd6 31. Qe3 $1 $36 {[%cal Re3d4][%mdl 2048] White fights for an advantage.} Rf4 (31... Rh4 $14 32. Rc2 h6) 32. Qc5 ({White has to play} 32. Qxa7 $18 Rh4 33. f4) 32... Qxc5 $14 33. Rxc5 Kf7 (33... Rxf3 $6 34. Rxf3 Nxf3 35. Rc7 $18) 34. Rc7 {[%mdl 1024] White has compensation.} Rd4 35. Bb1 Ra4 36. f4 Nh3 $2 ({Better is} 36... Ne4 $14) 37. Rf3 $18 ({Less strong is} 37. Bxh7 b6 $16) (37. Rxb7 Rxa3 38. Kg2 (38. Bxh7 Ra2 $16) 38... Kf6 $18) 37... Nxf4 {[#]} 38. Bc2 $1 {[%cal Rc2a4]} ({Inferior is} 38. Rxb7 g5 $14) ({Not} 38. Bxh7 g6 $14) 38... Rd4 39. Rxb7 Kf6 (39... Rc4 $142 40. Rxa7 e5) 40. Rxa7 Neg6 (40... Rc4 $142 41. b6 Ke5) 41. Rf1 {White is clearly winning.} Ne5 42. b6 {[%cal Bb5b6,Bb6b7][%mdl 32]} g5 43. b7 Nd7 44. Ba4 {Precision: White = 52%, Black = 33%.} 1-0

[Event "XLIII Sevilla Open 2018"]
[Site "Sevilla"]
[Date "2018.01.19"]
[Round "8"]
[White "Bubalovic, Davorin"]
[Black "Larino Nieto, David"]
[Result "0-1"]
[WhiteElo "2203"]
[BlackElo "2464"]
[Annotator "TA"]
[PlyCount "80"]
[EventDate "2018.??.??"]
[EventType "swiss"]
[EventCountry "ESP"]
[SourceTitle "playchess.com"]
[Source "ChessBase"]
[SourceQuality "1"]

{[%evp 12,80,50,42,77,54,103,83,85,20,66,10,112,108,102,105,112,90,103,58,149,25,74,75,88,95,77,100,135,99,91,95,158,154,160,139,144,134,175,175,194,181,151,21,27,25,41,25,16,0,0,-137,-141,-222,-187,-373,-382,-304,-339,-343,-303,-334,-336,-332,-282,-326,-323,-271,-185,-433,-419]} 1. e4 g6 2. d4 Bg7 3. Nc3 c6 4. Nf3 d5 5. e5 Nh6 6. Bf4 f6 7. Qd2 {LiveBook: 3 Games. B15: Caro-Kann: 3 Nc3: 3...g6 and 3...dxe4 4 Nxe4 Nf6 5 Nxf6+ exf6} g5 8. Bg3 $146 ({Predecessor:} 8. exf6 exf6 9. Nxg5 fxg5 10. Bxg5 Qd6 11. O-O-O O-O 12. Re1 Nf7 13. Be3 Nd7 14. g4 b5 {½-½ (50) Coda,C (2152)-Bronstein,L (2340) Villa Ballester 2003}) 8... Nf5 9. Bd3 {White is better.} Na6 10. Ne2 (10. a3 $16) 10... g4 11. Nh4 ({White should try} 11. exf6 $14 exf6 12. Nh4) 11... Bh6 (11... Nxh4 $1 $11 12. Bxh4 fxe5) 12. Qc3 $16 Nxg3 13. hxg3 fxe5 14. dxe5 {And now e6! would win.} Qb6 15. f4 Nb4 (15... c5 $14) 16. Nd4 (16. Bf5 $16) 16... Nxd3+ 17. Qxd3 c5 18. Ndf5 Bf8 19. Qxd5 Be6 20. Qe4 {Black must now prevent 0-0-0.} O-O-O 21. O-O Bd5 ({Black should play} 21... Qb4 22. Qxb4 cxb4) 22. Qe2 $1 e6 23. c4 Bc6 24. Ne3 (24. Qxg4 exf5 25. Qxf5+ Kb8 $15) 24... Rg8 25. f5 ({Resist} 25. Nxg4 $6 Be7 $14) 25... Be4 {[#]} 26. Rad1 $1 {Strongly threatening fxe6.} Rd4 27. Nc2 (27. Kh2 $16) 27... Rxd1 $11 28. Rxd1 exf5 29. Ne3 Qe6 $1 30. Rf1 {[%cal Re3f5]} ({Don't play} 30. Qd2 Bg7 $17) 30... Rg5 {[#]} 31. Nd5 (31. Nhxf5 $1 $11 {[%mdl 512]} Bxf5 32. Qf2) 31... Qxe5 $17 32. Rf4 (32. Nc3 $17 {was called for.} Bg7 33. Nxe4 Qxe4 34. Qxe4 fxe4 35. Rf7) 32... Bg7 33. Nxf5 $2 (33. Nc3 Qd4+ 34. Rf2) 33... Bxd5 $19 (33... Bxf5 34. Ne7+ Kc7 35. Qxe5+ Bxe5 36. Rxf5 $17) 34. Qxe5 Bxe5 35. Ne7+ Kd7 36. Nxd5 Bxf4 ({Not} 36... Bxb2 37. Rf7+ Kd6 38. Rxb7 $15) 37. gxf4 Rf5 38. Kf2 h5 39. Kg3 Ke6 40. Ne3 $2 (40. Kh4) 40... Rf7 {Precision: White = 30%, Black = 57%.} 0-1

[Event "XLIII Sevilla Open 2018"]
[Site "Sevilla"]
[Date "2018.01.20"]
[Round "9"]
[White "Swapnil, S.  Dhopade"]
[Black "Montero Melendez, Rafael"]
[Result "1-0"]
[WhiteElo "2533"]
[BlackElo "2384"]
[Annotator "TA"]
[PlyCount "83"]
[EventDate "2018.??.??"]
[EventType "swiss"]
[EventCountry "ESP"]
[SourceTitle "playchess.com"]
[Source "ChessBase"]
[SourceQuality "1"]

{[%evp 18,83,0,6,6,0,6,1,0,0,0,18,14,0,1,13,22,5,5,0,0,0,0,0,12,14,10,0,35,35,37,37,45,35,35,36,42,22,42,39,37,45,105,97,102,99,125,116,146,125,98,111,128,60,188,187,1296,1329,1289,1281,1141,1136,1131,1131,29991,29987,29992,29988]} 1. d4 d5 2. c4 c6 3. Nf3 Nf6 4. g3 Bf5 5. Nc3 e6 6. Nh4 {D11: Slav Defence: 3 Nf3 sidelines and 3...Nf6 4 e3 Bg4} Bg4 7. f3 (7. h3 Bh5 8. Qb3 Qc8 9. g4 Bg6 10. Nxg6 hxg6 11. Bg2 Be7 12. Bd2 Nbd7 {1-0 (45) Cheparinov,I (2710)-Laznicka,V (2647) Riadh 2017}) 7... Bh5 8. Qb3 Qb6 9. c5 Qxb3 10. axb3 {LiveBook: 3 Games} Be7 11. b4 O-O 12. Ng2 Na6 13. b5 $146 cxb5 14. Nxb5 Nb4 15. Ra4 Nc6 16. Nf4 $1 b6 (16... Bg6 {feels hotter.} 17. Nxg6 hxg6 18. e3 b6 19. Nc7 Rac8) 17. Nxh5 Nxh5 18. cxb6 axb6 19. Rxa8 $1 Rxa8 20. e3 Ra1 21. Kd2 Nf6 22. Bg2 Na5 23. Kc2 Nc4 24. Bf1 Ra5 25. b3 {[%cal Bb2b3,Bb3c4][%mdl 32]} Rxb5 26. bxc4 Ra5 27. Bb2 Kf8 28. Kb3 h5 29. Bd3 g5 {[#]} (29... Ke8 $14) 30. cxd5 $1 $16 Nxd5 31. e4 Nf6 32. Rc1 g4 33. f4 h4 34. Rc8+ Kg7 35. d5 (35. Rc7 $16 hxg3 36. hxg3) 35... hxg3 {[#]} (35... exd5 $14 36. e5 Ne4) 36. d6 $1 $18 {[%cal Rd6e7]} ({Don't do} 36. hxg3 $6 exd5 37. e5 Nh5 $16) 36... gxh2 $2 (36... Bxd6 37. e5 (37. hxg3 Bc5 $14) 37... Bxe5 38. fxe5 Nd7 39. hxg3 Nc5+ 40. Kc2 Nxd3 41. Kxd3 Ra2) 37. dxe7 h1=Q 38. e8=Q {Threatening mate with Qg8+.} Qd1+ 39. Bc2 {White wants to mate with Qh8+.} Qf3+ 40. Kb4 {Qh8+ would kill now.} e5 41. Qh8+ Kg6 42. f5+ {Precision: White = 74%, Black = 34%.} 1-0

[Event "XLIII Sevilla Open 2018"]
[Site "Sevilla"]
[Date "2018.01.20"]
[Round "9"]
[White "Lei, Tingjie"]
[Black "Dvirnyy, Danyyil"]
[Result "1-0"]
[WhiteElo "2531"]
[BlackElo "2534"]
[Annotator "TA"]
[PlyCount "63"]
[EventDate "2018.??.??"]
[EventType "swiss"]
[EventCountry "ESP"]
[SourceTitle "playchess.com"]
[Source "ChessBase"]
[SourceQuality "1"]

{[%evp 15,63,-1,2,-45,-42,-39,58,51,52,36,66,15,13,17,8,9,18,0,14,23,50,26,35,18,19,18,24,17,18,17,17,22,34,18,24,21,75,62,72,49,52,34,29,15,16,0,3,6,369,375]} 1. e4 c6 2. d4 d5 3. e5 Bf5 4. h4 h5 5. Bd3 Bxd3 6. Qxd3 {B12: Caro-Kann: Advance Variation} Qa5+ (6... e6 7. Bg5 Be7 8. Nf3 c5 9. dxc5 Nd7 10. b4 Bxg5 11. hxg5 Ne7 12. Nc3 a5 13. Nb5 axb4 14. Nd6+ Kf8 {½-½ (52) Nepomniachtchi,I (2729)-Laznicka,V (2647) Riadh 2017}) 7. Nd2 e6 8. Ne2 Qa6 {LiveBook: 6 Games} 9. Qf3 c5 10. c4 dxc4 $146 ({Better is} 10... Ne7 $1 $15) ({Predecessor:} 10... Ne7 11. cxd5 Nxd5 12. O-O Nd7 13. Nc3 Nxc3 14. bxc3 Be7 {1-0 (23) Kadas,G (2271)-Korpas,L (2165) Nyiregyhaza 1999}) 11. d5 $14 exd5 12. Qxd5 Ne7 13. Qxc5 (13. Qe4 $1 $14) 13... Nd7 $11 {[%cal Bb8d7,Bd7e5,Be5d3][%mdl 32]} 14. Qxc4 Nxe5 15. Qxa6 bxa6 16. Ng3 Nd3+ 17. Ke2 Rd8 18. Nc4 Nxc1+ 19. Rhxc1 Rh6 20. Kf1 Rc6 21. b3 g6 22. Re1 Bg7 23. Rad1 Bd4 24. Rd3 Rf6 25. Re2 Rd5 (25... Kf8 $11) 26. Red2 $16 {[#] aiming for Ne4.} Nc6 $1 27. f3 $36 {[%mdl 2048] Hoping for Ne2. White is pushing.} Rd8 $1 28. Ne2 {[%cal Re2d4]} Bb6 29. Rxd8+ Bxd8 30. Nd6+ Kf8 31. Ne4 Rf5 $2 {[%mdl 8192] [#]} (31... Re6 $11 {and Black is okay.}) 32. Rd6 {Precision: White = 45%, Black = 50%.} 1-0